Quiz 5 najmniejszych państw w Europie - Statystyki

Ogólne statystyki
  • Ten quiz został rozwiązany 25 razy
  • Średni wynik to 4 z 5
Statystyki odpowiedzi
km2 najmniejsze państwa % Poprawnych
0'44 Watykan
100%
160 Liechtenstein
96%
61 San Marino
96%
2 Monako
92%
316 Malta
63%
Nie znaleziono quizów pasujących do podanych kryteriów
Rozkład punktacji
Procent ludzi z każdym wynikiem
Percentyl według liczby udzielonych odpowiedzi
Twoja historia wyników
Nie rozwiązałeś tego quizu